[Event "Titled Tuesday intern op 13th Feb Late"]
[Site "Chess.com INT"]
[Date "2024.02.13"]
[Round "5"]
[White "Osmak, Iulija"]
[Black "Kaasen, Tor Fredrik"]
[Result "0-1"]
[WhiteElo "2452"]
[BlackElo "2437"]
[PlyCount "102"]
[EventDate "2024.02.13"]
[EventType "swiss (blitz)"]
[EventRounds "11"]
[EventCountry "USA"]
[SourceTitle "CB08_2024"]
[SourceDate "2024.02.21"]
[SourceVersion "1"]
[SourceVersionDate "2024.02.21"]
[SourceQuality "1"]

1. b4 d5 2. Bb2 Bf5 3. e3 e6 4. Nf3 Nf6 5. b5 h6 6. Be2 Bd6 7. 0-0 0-0 8. c4 Qe7 9. d4 c5 10. a4 Rd8 11. Nc3 dxc4 12. Bxc4 cxd4 13. Nxd4 Bg6 14. Qf3 Qc7 15. Bxe6 Bxh2+ 16. Kh1 Be5 17. Nd5 Nxd5 18. Bxd5 Qe7 19. Bxb7 Nd7 20. Bxa8 Qh4+ 21. Qh3 Qxh3+ 22. gxh3 Rxa8 23. Rad1 Nc5 24. a5 Nd3 25. Ba1 Rc8 26. f4 Be4+ 27. Nf3 Bxa1 28. Rxa1 Rc2 29. Kg1 Re2 30. Ra4 f5 31. b6 axb6 32. axb6 Rxe3 33. Rxe4 Rxe4 34. Rb1 Re8 35. Nd4 Nc5 36. Nc6 Nb7 37. Ne5 Re6 38. Kf2 g5 39. Ke3 Rd6 40. Nc4 Rd5 41. Ra1 gxf4+ 42. Kf3 Rd3+ 43. Ke2 Rc3 44. Ne5 Rb3 45. Nd7 Nd6 46. Rd1 Ne4 47. Rc1 f3+ 48. Ke1 Rb2 49. Kf1 Ng3+ 50. Kg1 f2+ 51. Kg2 f1Q+ 0-1

[Event "Titled Tuesday intern op 04th Jul Early"]
[Site "Chess.com INT"]
[Date "2023.07.04"]
[Round "3"]
[White "Kaasen, Tor Fredrik"]
[Black "Rosh, Jain"]
[Result "1-0"]
[WhiteElo "2496"]
[BlackElo "2248"]
[PlyCount "107"]
[EventDate "2023.07.04"]
[EventType "swiss (blitz)"]
[EventRounds "11"]
[EventCountry "USA"]
[SourceTitle "EXT 2024"]
[Source "ChessBase"]
[SourceDate "2023.10.10"]
[SourceVersion "1"]
[SourceVersionDate "2023.10.10"]
[SourceQuality "1"]

1. e4 c5 2. Nf3 d6 3. Bb5+ Nd7 4. d4 cxd4 5. Qxd4 Ngf6 6. 0-0 a6 7. Bxd7+ Bxd7 8. c4 g6 9. Nc3 Bg7 10. h3 0-0 11. Qd3 Rc8 12. Be3 Be6 13. b3 Nd7 14. Nd4 Nc5 15. Qd2 Bd7 16. Rac1 b5 17. cxb5 axb5 18. b4 Bxd4 19. Bxd4 Na4 20. Nd5 Be6 21. Rxc8 Bxc8 22. h4 Bb7 23. h5 e5 24. Be3 f6 25. Rd1 Rf7 26. Qd3 Nb2 27. Qd2 Nxd1 28. Qxd1 g5 29. Nc3 Bc6 30. h6 f5 31. exf5 Rxf5 32. Qg4 Qf6 33. a4 bxa4 34. Qc4+ d5 35. Nxd5 Bxd5 36. Qxd5+ Qf7 37. Qd8+ Qf8 38. Qd5+ Kh8 39. Bc5 Qg8 40. Qd7 Rf6 41. b5 Rxh6 42. b6 Rxb6 43. Bxb6 a3 44. Qe7 h6 45. Qxe5+ Kh7 46. Qe7+ Kg6 47. Qxa3 Qe6 48. Qd3+ Kh5 49. Qh3+ Qxh3 50. gxh3 Kh4 51. Kg2 h5 52. Be3 g4 53. hxg4 hxg4 54. Bf4 1-0